Statistics for England World Cup Squad 2018

Click here to take the quiz!

General Stats

  • This quiz has been taken 8 times
  • The average score is 15 of 23

Answer Stats

Shirt NumberClubPositionPlayer% Correct
9Tottenham HotspursSTHarry Kane
100%
11Leicester CitySTJamie Vardy
100%
1EvertonGKJordan Pickford
100%
5Manchester CityCBJohn Stones
86%
8LiverpoolCDMJordan Henderson
86%
10Manchester CitySTRaheem Sterling
86%
3Tottenham HotspurLBDanny Rose
71%
14ArsenalSTDanny Welbeck
71%
20Tottenham HotspurCMDele Alli
71%
4Tottenham HotspurCDMEric Dier
71%
12Tottenham HotspurRWBKieran Trippier
71%
19Manchester UnitedSTMarcus Rashford
71%
16Manchester UnitedCBPhil Jones
71%
18Manchester UnitedLWBAshley Young
57%
6Leicester CityCBHarry Maguire
57%
13Stoke CityGKJack Butland
57%
2Manchester CityCBKyle Walker
57%
22LiverpoolRWBTrent Alexander-Arnold
57%
17Manchester CityCMFabian Delph
43%
15ChelseaCBGary Cahill
43%
7Manchester UnitedCMJesse Lingard
43%
23BurnleyGKNick Pope
29%
21ChelseaCMRuben Loftus-Cheek
29%

Score Distribution

Percentile by Number Answered

Percent of People with Each Score

Your Score History

You have not taken this quiz